| 000 | 00536nam a22001817a 4500 | ||
|---|---|---|---|
| 005 | 20260513152531.0 | ||
| 008 | 260513b |||||||| |||| 00| 0 eng d | ||
| 020 | _a9789391502584 | ||
| 041 | _aEng | ||
| 082 | _a332 WAL | ||
| 100 | _aWalker, Michael | ||
| 245 | _aForecasting Financial Time Series: Gene Expression Programming GEP | ||
| 260 |
_aPune _bKnowledge Bakers _c2023 |
||
| 300 | _a116;. P. 23 cm | ||
| 650 | _aTime-series analysis--Mathematical models; Finance | ||
| 700 | _aWhite, Stella and Cook George J | ||
| 942 | _cBK | ||
| 999 |
_c46561 _d46561 |
||